<?xml version="1.0" encoding="UTF-8"?>
<record
    xmlns:xsi="http://www.w3.org/2001/XMLSchema-instance"
    xsi:schemaLocation="http://www.loc.gov/MARC21/slim http://www.loc.gov/standards/marcxml/schema/MARC21slim.xsd"
    xmlns="http://www.loc.gov/MARC21/slim">

  <leader>01032nam a2200277   4500</leader>
  <controlfield tag="003">OSt</controlfield>
  <controlfield tag="005">20260601193856.0</controlfield>
  <controlfield tag="008">260420b1993    mx a|||| |||| 00| 0 spa d</controlfield>
  <datafield tag="020" ind1=" " ind2=" ">
    <subfield code="a">9682975352</subfield>
  </datafield>
  <datafield tag="040" ind1=" " ind2=" ">
    <subfield code="a">ICI</subfield>
    <subfield code="b">spa</subfield>
    <subfield code="c">ICI</subfield>
  </datafield>
  <datafield tag="050" ind1=" " ind2=" ">
    <subfield code="a">Q180.M6</subfield>
    <subfield code="b">P74 1993</subfield>
  </datafield>
  <datafield tag="100" ind1=" " ind2="1">
    <subfield code="a">Secretaria de Educaci&#xF3;n P&#xFA;blica y CONACULTA</subfield>
    <subfield code="9">33114</subfield>
  </datafield>
  <datafield tag="245" ind1=" " ind2="0">
    <subfield code="a">Premio nacional de ciencia y artes 1993 /</subfield>
    <subfield code="c">textos de las semblanzas Anne delecole ; fots. Manuel &#xC1;lvarez Fuentes ... [y otros]</subfield>
  </datafield>
  <datafield tag="264" ind1=" " ind2=" ">
    <subfield code="a">M&#xE9;xico : </subfield>
    <subfield code="b">SEP :</subfield>
    <subfield code="b">Consejo Nacional para la Cultura y las Artes,</subfield>
    <subfield code="c">1994</subfield>
  </datafield>
  <datafield tag="300" ind1=" " ind2=" ">
    <subfield code="a">71 p&#xE1;ginas</subfield>
  </datafield>
  <datafield tag="336" ind1=" " ind2=" ">
    <subfield code="a">texto</subfield>
    <subfield code="2">rdacontent</subfield>
  </datafield>
  <datafield tag="337" ind1=" " ind2=" ">
    <subfield code="a">sin medio</subfield>
    <subfield code="2">rdamedia</subfield>
  </datafield>
  <datafield tag="338" ind1=" " ind2=" ">
    <subfield code="a">volumen</subfield>
    <subfield code="2">rdacarrier</subfield>
  </datafield>
  <datafield tag="650" ind1=" " ind2=" ">
    <subfield code="a">Ciencia </subfield>
    <subfield code="x">Premios</subfield>
    <subfield code="z">Mexico</subfield>
  </datafield>
  <datafield tag="650" ind1=" " ind2=" ">
    <subfield code="a">Arte</subfield>
    <subfield code="x">Premios</subfield>
    <subfield code="z">Mexico</subfield>
  </datafield>
  <datafield tag="700" ind1=" " ind2="1">
    <subfield code="a">Delecole, Anne </subfield>
    <subfield code="e">colaborador</subfield>
    <subfield code="9">33115</subfield>
  </datafield>
  <datafield tag="700" ind1=" " ind2="1">
    <subfield code="a"> Alvarez Fuentes, Manuel,</subfield>
    <subfield code="e">ilustrador</subfield>
  </datafield>
  <datafield tag="710" ind1=" " ind2="1">
    <subfield code="a">M&#xE9;xico.</subfield>
    <subfield code="b">Secretar&#xED;a de Educaci&#xF3;n P&#xFA;blica</subfield>
    <subfield code="9">17275</subfield>
  </datafield>
  <datafield tag="710" ind1=" " ind2="2">
    <subfield code="a">Consejo Nacional para la Cultura y las Artes (M&#xE9;xico)</subfield>
    <subfield code="9">2733</subfield>
  </datafield>
  <datafield tag="942" ind1=" " ind2=" ">
    <subfield code="2">lcc</subfield>
    <subfield code="c">B</subfield>
  </datafield>
  <datafield tag="999" ind1=" " ind2=" ">
    <subfield code="c">22064</subfield>
    <subfield code="d">22064</subfield>
  </datafield>
  <datafield tag="952" ind1=" " ind2=" ">
    <subfield code="0">0</subfield>
    <subfield code="1">0</subfield>
    <subfield code="2">lcc</subfield>
    <subfield code="4">0</subfield>
    <subfield code="7">0</subfield>
    <subfield code="a">BDIMFM</subfield>
    <subfield code="b">BDIMFM</subfield>
    <subfield code="d">2026-04-20</subfield>
    <subfield code="l">0</subfield>
    <subfield code="o">Q180.M6 P74 1993</subfield>
    <subfield code="p">BDIMFM000669</subfield>
    <subfield code="r">2026-04-20 16:15:00</subfield>
    <subfield code="t">Ej.1</subfield>
    <subfield code="w">2026-04-20</subfield>
    <subfield code="y">B</subfield>
  </datafield>
  <datafield tag="952" ind1=" " ind2=" ">
    <subfield code="0">0</subfield>
    <subfield code="1">0</subfield>
    <subfield code="2">lcc</subfield>
    <subfield code="4">0</subfield>
    <subfield code="7">0</subfield>
    <subfield code="a">BDIMFM</subfield>
    <subfield code="b">BDIMFM</subfield>
    <subfield code="d">2026-05-18</subfield>
    <subfield code="l">0</subfield>
    <subfield code="o">Q180.M6 P74 1993</subfield>
    <subfield code="p">BDIMFM001183</subfield>
    <subfield code="r">2026-05-18 22:57:00</subfield>
    <subfield code="t">Ej.2</subfield>
    <subfield code="w">2026-05-18</subfield>
    <subfield code="y">B</subfield>
  </datafield>
  <datafield tag="952" ind1=" " ind2=" ">
    <subfield code="0">0</subfield>
    <subfield code="1">0</subfield>
    <subfield code="2">ddc</subfield>
    <subfield code="4">0</subfield>
    <subfield code="7">0</subfield>
    <subfield code="a">BDIMFM</subfield>
    <subfield code="b">BDIMFM</subfield>
    <subfield code="d">2026-05-18</subfield>
    <subfield code="l">0</subfield>
    <subfield code="o">Q180.M6 P74 1993</subfield>
    <subfield code="p">BDIMFM001173</subfield>
    <subfield code="r">2026-05-18 23:08:00</subfield>
    <subfield code="t">Ej.3</subfield>
    <subfield code="w">2026-05-18</subfield>
    <subfield code="y">B</subfield>
  </datafield>
</record>
